| 000 | 01359cam a22003737a 4500 | ||
|---|---|---|---|
| 003 | CHAP | ||
| 005 | 20220329142530.0 | ||
| 008 | 010912s2001 mx r 00010 spa d | ||
| 010 | _a84617 | ||
| 011 | _a85589 | ||
| 020 | _a9707040181 | ||
| 035 | _a96123 | ||
| 040 | _cCHAP | ||
| 082 | 0 | 4 |
_a371.8 _bG3 |
| 100 | 0 | 0 |
_aGaray Sánchez, Adrián de. _945592 |
| 245 | 1 | 4 |
_aLos actores desconocidos : _buna aproximación al conocimiento de los estudiantes _c/por Adrián de Garay Sánchez |
| 260 |
_aMéxico, D.F. : _bAsociación Nacional de Universidades e Instituciones de Educación Superior, _c2001 |
||
| 300 |
_a238 p. : _bcuadros |
||
| 410 | 2 | 1 | _aANUIES |
| 490 | 0 | _aColección Biblioteca de la Educación Superior. Serie investigaciones | |
| 590 |
_aBATCH-UPD _b10 _c20130110 _lUCH01 _h0345 |
||
| 590 |
_aBATCH-UPD _b10 _c20130110 _lUCH01 _h2104 |
||
| 590 |
_aBATCH-UPD _b10 _c20130410 _lUCH01 _h0019 |
||
| 590 |
_aBATCH-UPD _b10 _c20130914 _lUCH01 _h1002 |
||
| 590 |
_aCONVERSION _b10 _c20130109 _lUCH01 _h1347 |
||
| 650 | 1 | 4 |
_aEstudiantes. _938489 |
| 650 | 1 | 4 |
_aEstudio y enseñanza. _938511 |
| 810 | 0 | 0 |
_aANUIES _96161 |
| 830 | 0 | 0 |
_aColección Biblioteca de la Educación Superior. Serie investigaciones _924721 |
| 901 | _aBK | ||
| 905 | _aMarco A. Mendoza T. | ||
| 942 | _cLIBRO | ||
| 949 |
_a371.8 G3 _bBC _cLIBRO _d33724000854246 _eLIBRO _h101604 _i96123 _si |
||
| 999 |
_c84617 _d84617 |
||